Introduction to Computers (Record no. 689)

MARC details
000 -LEADER
fixed length control field 00404nam a22001697a 4500
005 - DATE AND TIME OF LATEST TRANSACTION
control field 20180131141831.0
008 - FIXED-LENGTH DATA ELEMENTS--GENERAL INFORMATION
fixed length control field 160513b xxu||||| |||| 00| 0 eng d
020 ## - INTERNATIONAL STANDARD BOOK NUMBER
ISBN 978-0-07-059374-9
041 ## - LANGUAGE CODE
Language code of text/sound track or separate title eng
082 ## - DEWEY DECIMAL CLASSIFICATION NUMBER
Item number 1789
Classification number 004
100 ## - MAIN ENTRY--AUTHOR NAME
Personal name Norton Peter
245 ## - TITLE STATEMENT
Title Introduction to Computers
260 ## - PUBLICATION, DISTRIBUTION, ETC. (IMPRINT)
Place of publication New Delhi
Name of publisher TMH
300 ## - PHYSICAL DESCRIPTION
Number of Pages 609
650 ## - SUBJECT ADDED ENTRY--TOPICAL TERM
Topical Term Information Technology
942 ## - ADDED ENTRY ELEMENTS (KOHA)
Koha item type Books
Holdings
Lost status Damaged status Collection code Home library Current library Shelving location Date acquired Source of acquisition Full call number Accession Number Koha item type
    CS/IT JRU Library JRU Library SHELF-48-B 13/05/2016 PURCHASE 004 1789 Books
      JRU Library   SHELF-33-E 13/05/2016   1789 1790 Books
    CS/IT JRU Library JRU Library SHELF-48-B 13/05/2016 PURCHASE 004 1791 Books
      JRU Library JRU Library Shelf - 12 - H 13/05/2016   1789 1792 Books
      JRU Library JRU Library SHELF-15-G 13/05/2016   1789 1793 Books